| 000 | 05538nam a22005537a 4500 | ||
|---|---|---|---|
| 005 | 20100804111827.0 | ||
| 010 | _aENG-98008 B-444824-848 | ||
| 020 |
_a9788120341166 _c525.00 |
||
| 035 | _aEN-81541 B-444824-848 | ||
| 037 | _bDBAD/PUB | ||
| 037 | _bAllied Pub/Ven | ||
| 082 | _a005.446 | ||
| 100 |
_aPreppernau, Joan _942683 |
||
| 245 |
_aWindow 7 step by step / _cby Joan preppernau [and] Joyce Cox |
||
| 260 |
_aNew Delhi _bPHI Learning _c2010 |
||
| 270 |
_aM-97, Connaught Circus _bNew Delhi _e110001 |
||
| 300 |
_axlix, 492p. _c24cm (pbk) _eCD ROM |
||
| 650 |
_aOperating system _942684 |
||
| 650 |
_aMicrosoft windows _942685 |
||
| 700 |
_aCox, Joyce _95772 |
||
| 942 |
_2ddc _cEN _h005.446 _mPRE |
||
| 999 |
_c39131 _d39131 |
||